02659cam a2200409 a 450000100090000000300040000900500170001300800410003001000170007101500190008801600180010702000290012502000260015403500200018003500230020004000630022304300120028605000230029808200280032110000180034924501090036726000580047630000330053450400510056750511530061865000300177165000430180165000550184470000200189970000220191970000260194185600820196790600450204994200120209499900190210695201240212514689471OSt20180116183013.0070109s2007 enka b 001 0 eng  a 2007000731 aGBA7105742bnb7 a0136613882Uk a9781845423063 (hardback) a1845423062 (hardback) a(OCoLC)77716870 a(OCoLC)ocm77716870 aDLCcDLCdUKMdBTCTAdBAKERdBWKUKdYDXCPdOCLCAdBWKdDLC aa-cc---00aHD69.S8bB866 200700a338.870951 CLE 2007222 aStewart Clegg00aBusiness networks and strategic alliances in China /cedited by Stewart Clegg, Karen Wang, Mike Berrell. aCheltenham, UK ;aNorthampton, MA :bE. Elgar,c2007. axv, 330 p. :bill. ;c24 cm. aIncludes bibliographical references and index.0 aBusiness networks and strategic alliances in China / Stewart Clegg, Karen Wang, & Mike Berrell -- The nature of power, control, trust and risk in international joint ventures / Mike Berrell -- The role of culture in international business relations / Jan Selmer -- Social capital and knowledge transfer between subsidiaries of foreign MNCs and local organizations / Wilhelm Barner-Rasmussen & Ingmar Björkman -- The adoption of agency business activity, product innovation and performance in Chinese technology ventures / Haiyang Li & Kwaku Atuahene-Gima -- Tacit knowledge and inter-firm learning in China / Richard Li-Hua & Jian Peng -- Inter-firm relations in business groups / Lisa A. Keister -- Creating social capital as a competitive (dis)advantage / Heidi Dahles -- The contextual balance of social capital within hierarchical relations in China / Karen Wang -- Human capital, social capital and firm performance in Chinese SMEs / Stephen T.T. Teo & Karen Wang -- Business networks in China / Emanuela Todeva -- Guanxi and ethical business issues in China / Jos Gamble -- Performance in international joint ventures in China / John Child. 0aBusiness networkszChina. 0aStrategic alliances (Business)zChina. 0aDiffusion of innovationsxEconomic aspectszChina.1 aClegg, Stewart.1 aWang, Karen,cDr.1 aBerrell, Mike,d1950-413Table of contents onlyuhttp://www.loc.gov/catdir/toc/ecip078/2007000731.html a7bcbccorignewd1eecipf20gy-gencatlg 2ddccBK c350341d350341 00102ddc40708NFICaCLbCLcGENd2015-09-11l1o338.870951 CLE 2007pNBS9438r2017-11-22s2017-08-10w2015-09-11yBK